[Event "Montcalm op 4 2016-17"]
[Site "Quebec CAN"]
[Date "2017.02.02"]
[Round "4"]
[White "Auger, Bertrand"]
[Black "Lessard, Claude"]
[Result "0-1"]
[WhiteElo "2008"]
[BlackElo "2174"]
[WhiteFideId "-1"]
[WhiteFideId "-1"]
[PlyCount "78"]
[GameId "2160767908474908"]
[EventDate "2017.01.12"]
[EventType "swiss"]
[EventRounds "5"]
[EventCountry "CAN"]
[SourceTitle "EXT 2022"]
[Source "ChessBase"]
[SourceDate "2021.10.06"]
[SourceVersion "1"]
[SourceVersionDate "2021.10.06"]
[SourceQuality "1"]

1. Nf3 Nf6 2. g3 c5 3. c4 d5 4. cxd5 Nxd5 5. Bg2 Nc6 6. O-O e5 7. d3 Be7 8. Nc3 Be6 9. Bd2 O-O 10. Nxd5 Bxd5 11. Bc3 f6 12. e3 b5 13. b3 Qd7 14. Qe2 a5 15. Nd2 Bxg2 16. Kxg2 Rfd8 17. Qf3 Rac8 18. Rfd1 a4 19. Rac1 b4 20. Bb2 Qe6 21. Nc4 a3 22. Ba1 Rc7 23. Rd2 Na7 24. Qe4 Nb5 25. f4 Rcd7 26. f5 Qd5 27. Kf3 Qf7 28. Kg2 Bf8 29. Nb6 Nd6 30. Qf3 Rb7 31. Nc4 Nxc4 32. Rxc4 Rbd7 33. Qe4 Qh5 34. Rcc2 g6 35. fxg6 hxg6 36. g4 Qh6 37. Kg3 Rh7 38. Qg2 Qxe3+ 39. Qf3 Rh3+ 0-1

[Event "Montcalm op 4 2016-17"]
[Site "Quebec CAN"]
[Date "2017.02.02"]
[Round "4"]
[White "Beaudoin, Stephane"]
[Black "Pare, Marc"]
[Result "1/2-1/2"]
[WhiteElo "2105"]
[BlackElo "2055"]
[WhiteFideId "-1"]
[WhiteFideId "-1"]
[PlyCount "110"]
[GameId "2160767908474909"]
[EventDate "2017.01.12"]
[EventType "swiss"]
[EventRounds "5"]
[EventCountry "CAN"]
[SourceTitle "EXT 2022"]
[Source "ChessBase"]
[SourceDate "2021.10.06"]
[SourceVersion "1"]
[SourceVersionDate "2021.10.06"]
[SourceQuality "1"]

1. e4 d5 2. exd5 Nf6 3. c4 c6 4. d4 cxd5 5. Nc3 Nc6 6. cxd5 Nxd5 7. Bc4 Nb6 8. Bb5 Bd7 9. Nf3 a6 10. Be2 Bf5 11. O-O e6 12. Be3 Be7 13. Ne5 Nb4 14. Rc1 O-O 15. Qb3 Rb8 16. Bf3 N4d5 17. Na4 Nxa4 18. Qxa4 Bd6 19. Qb3 Bxe5 20. dxe5 Nxe3 21. Qxe3 Qa5 22. a3 h6 23. b4 Qb5 24. Rc5 Qd3 25. Qxd3 Bxd3 26. Rfc1 Bb5 27. h3 b6 28. Rc7 Rfd8 29. R1c3 g6 30. Kh2 Rd4 31. Kg3 Kg7 32. Ra7 Rbd8 33. Rcc7 R8d7 34. Rxd7 Rxd7 35. Rxd7 Bxd7 36. Bb7 Bb5 37. Kf4 Kf8 38. Ke4 Ke7 39. Kd4 Kd7 40. a4 Bxa4 41. Bxa6 Bc6 42. Bf1 Bd5 43. f4 Bb3 44. Bb5+ Ke7 45. Bc6 Bd1 46. Be4 f5 47. Bd3 Bb3 48. Bc4 Bc2 49. Bd3 Bxd3 50. Kxd3 g5 51. g3 Kd7 52. Kc4 Kc6 53. b5+ Kd7 54. h4 gxh4 55. gxh4 Kc7 1/2-1/2

[Event "Montcalm op 4 2016-17"]
[Site "Quebec CAN"]
[Date "2017.02.02"]
[Round "4"]
[White "Dube, Dominic"]
[Black "Stoyanova, Stela"]
[Result "1-0"]
[WhiteElo "1898"]
[BlackElo "1533"]
[WhiteFideId "-1"]
[WhiteFideId "-1"]
[PlyCount "69"]
[GameId "2160767908474910"]
[EventDate "2017.01.12"]
[EventType "swiss"]
[EventRounds "5"]
[EventCountry "CAN"]
[SourceTitle "EXT 2022"]
[Source "ChessBase"]
[SourceDate "2021.10.06"]
[SourceVersion "1"]
[SourceVersionDate "2021.10.06"]
[SourceQuality "1"]

1. e4 e6 2. d4 d5 3. exd5 exd5 4. Bd3 Nf6 5. Ne2 c5 6. c4 Nc6 7. Be3 Ng4 8. Nbc3 Nxe3 9. fxe3 Nb4 10. O-O Qg5 11. Nf4 Bd6 12. Ncxd5 O-O 13. Nxb4 cxb4 14. Qf3 Qh6 15. e4 Bxf4 16. Qxf4 Qb6 17. c5 Qg6 18. Rf3 Qg4 19. Qd6 Qe6 20. d5 Qxd6 21. cxd6 Bd7 22. e5 g6 23. Rc1 Rac8 24. Rc7 Rxc7 25. dxc7 Rc8 26. d6 b5 27. Be4 Re8 28. Bd5 Rf8 29. Kf2 Kg7 30. Ke3 g5 31. Kd4 g4 32. Rf4 h5 33. Kc5 Kg6 34. Bc6 Bxc6 35. Kxc6 1-0

[Event "Montcalm op 4 2016-17"]
[Site "Quebec CAN"]
[Date "2017.02.02"]
[Round "4"]
[White "Lacerte, Kevin"]
[Black "Dube, Daniel"]
[Result "0-1"]
[WhiteElo "1551"]
[BlackElo "1838"]
[WhiteFideId "-1"]
[WhiteFideId "-1"]
[PlyCount "76"]
[GameId "2160767908474911"]
[EventDate "2017.01.12"]
[EventType "swiss"]
[EventRounds "5"]
[EventCountry "CAN"]
[SourceTitle "EXT 2022"]
[Source "ChessBase"]
[SourceDate "2021.10.06"]
[SourceVersion "1"]
[SourceVersionDate "2021.10.06"]
[SourceQuality "1"]

1. e4 g6 2. d4 Bg7 3. Nc3 c6 4. f4 Qb6 5. Nf3 d5 6. exd5 Bg4 7. Be3 Nf6 8. Bd3 Bxf3 9. gxf3 cxd5 10. Qd2 Nc6 11. O-O-O Rc8 12. Kb1 Qa5 13. f5 a6 14. Bg5 O-O 15. fxg6 hxg6 16. h4 Nh5 17. Be3 e5 18. Bh6 exd4 19. Bxg7 dxc3 20. Bxc3 Qc7 21. Qh6 d4 22. Bxg6 fxg6 23. Qxg6+ Ng7 24. Bxd4 Nxd4 25. Rxd4 Qf7 26. h5 Qxg6 27. hxg6 Rc6 28. Rg1 Rxf3 29. Rd8+ Rf8 30. Rd7 Rcf6 31. Kc1 b5 32. b3 Rc8 33. Rg2 Kf8 34. Rh2 Kg8 35. Rg2 Rfc6 36. Rb7 Nf5 37. Rh7 Ne3 38. Ra7 Nxg2 0-1

[Event "Montcalm op 4 2016-17"]
[Site "Quebec CAN"]
[Date "2017.02.02"]
[Round "4"]
[White "Lamontagne, Danny"]
[Black "Cournoyer, Dominic"]
[Result "1-0"]
[WhiteElo "1917"]
[BlackElo "1923"]
[WhiteFideId "-1"]
[WhiteFideId "-1"]
[PlyCount "47"]
[GameId "2160767908474912"]
[EventDate "2017.01.12"]
[EventType "swiss"]
[EventRounds "5"]
[EventCountry "CAN"]
[SourceTitle "EXT 2022"]
[Source "ChessBase"]
[SourceDate "2021.10.06"]
[SourceVersion "1"]
[SourceVersionDate "2021.10.06"]
[SourceQuality "1"]

1. e4 d5 2. exd5 Nf6 3. d4 Nxd5 4. c4 Nf6 5. Nf3 Bg4 6. Qb3 b6 7. Be2 e6 8. h3 Bh5 9. Bg5 Be7 10. Bxf6 Bxf6 11. Qb5+ c6 12. Qxh5 Bxd4 13. Nxd4 Qxd4 14. Nc3 O-O 15. Rd1 Qf6 16. O-O Na6 17. Qf3 Qxf3 18. Bxf3 Rfc8 19. Rd6 Rd8 20. Rfd1 Rxd6 21. Rxd6 Nc5 22. b4 Na6 23. b5 Nc5 24. bxc6 1-0

[Event "Montcalm op 4 2016-17"]
[Site "Quebec CAN"]
[Date "2017.02.09"]
[Round "5"]
[White "Cournoyer, Dominic"]
[Black "Auger, Bertrand"]
[Result "1-0"]
[WhiteElo "1923"]
[BlackElo "2008"]
[WhiteFideId "-1"]
[WhiteFideId "-1"]
[PlyCount "91"]
[GameId "2160767908474913"]
[EventDate "2017.01.12"]
[EventType "swiss"]
[EventRounds "5"]
[EventCountry "CAN"]
[SourceTitle "EXT 2022"]
[Source "ChessBase"]
[SourceDate "2021.10.06"]
[SourceVersion "1"]
[SourceVersionDate "2021.10.06"]
[SourceQuality "1"]

1. c4 Nf6 2. Nc3 b6 3. Nf3 Bb7 4. g3 e6 5. Bg2 c5 6. O-O Be7 7. b3 O-O 8. Bb2 d6 9. d4 cxd4 10. Qxd4 a6 11. Rad1 Nbd7 12. Qd2 Qc7 13. Ng5 Bxg2 14. Kxg2 Nc5 15. Nf3 Rad8 16. Rc1 Qb7 17. Kg1 Nce4 18. Nxe4 Nxe4 19. Qe3 d5 20. cxd5 exd5 21. Rfd1 Bc5 22. Bd4 Rfe8 23. Qd3 a5 24. Bxc5 bxc5 25. Nd2 f5 26. Nxe4 fxe4 27. Qc3 Rc8 28. Qxa5 Qc6 29. e3 Rf8 30. Rd2 Qf6 31. Rxc5 Qa1+ 32. Kg2 Ra8 33. Qc3 Qe1 34. Qc1 Qxc1 35. Rxc1 Ra3 36. Rcc2 Rfa8 37. Rb2 Kf7 38. b4 Ke7 39. b5 Kd6 40. b6 Rb8 41. Rb5 Rd3 42. Rc2 d4 43. exd4 Rxd4 44. b7 Rd5 45. Rxd5+ Kxd5 46. Rb2 1-0

[Event "Montcalm op 4 2016-17"]
[Site "Quebec CAN"]
[Date "2017.02.09"]
[Round "5"]
[White "Dube, Daniel"]
[Black "Fecteau, Martin"]
[Result "1/2-1/2"]
[WhiteElo "1838"]
[BlackElo "1900"]
[WhiteFideId "-1"]
[WhiteFideId "-1"]
[PlyCount "91"]
[GameId "2160767908474914"]
[EventDate "2017.01.12"]
[EventType "swiss"]
[EventRounds "5"]
[EventCountry "CAN"]
[SourceTitle "EXT 2022"]
[Source "ChessBase"]
[SourceDate "2021.10.06"]
[SourceVersion "1"]
[SourceVersionDate "2021.10.06"]
[SourceQuality "1"]

1. e4 c5 2. Nf3 d6 3. d4 cxd4 4. Nxd4 Nf6 5. Nc3 a6 6. Bg5 Nbd7 7. Bc4 b5 8. Bb3 Bb7 9. Qe2 h6 10. Bh4 e6 11. f3 Nc5 12. O-O Be7 13. Bf2 O-O 14. Rfd1 Qc7 15. Be3 Nxb3 16. cxb3 Rac8 17. Rac1 Qb8 18. a3 d5 19. exd5 Nxd5 20. Nxd5 Bxd5 21. b4 Bd6 22. g4 Rfd8 23. Rxc8 Rxc8 24. Qf2 Bf4 25. Qd2 Bxe3+ 26. Qxe3 Qb7 27. Kf2 Qc7 28. Kg2 Qc4 29. Rd2 Qc1 30. Re2 Qb1 31. Qf2 Qg6 32. Kg3 Qf6 33. Qe3 Qg6 34. Nb3 Bxb3 35. Qxb3 Rc1 36. Rd2 Qg5 37. Qd3 Qe5+ 38. Kh3 Qe1 39. Qd8+ Kh7 40. Qd3+ g6 41. Qe2 Qxe2 42. Rxe2 Kg7 43. Kg2 Kf6 44. h4 e5 45. Rd2 Ke6 46. Kf2 1/2-1/2

[Event "Montcalm op 4 2016-17"]
[Site "Quebec CAN"]
[Date "2017.02.09"]
[Round "5"]
[White "Dube, Dominic"]
[Black "Abran, David"]
[Result "1/2-1/2"]
[WhiteElo "1898"]
[BlackElo "1856"]
[WhiteFideId "-1"]
[WhiteFideId "-1"]
[PlyCount "153"]
[GameId "2160767908474915"]
[EventDate "2017.01.12"]
[EventType "swiss"]
[EventRounds "5"]
[EventCountry "CAN"]
[SourceTitle "EXT 2022"]
[Source "ChessBase"]
[SourceDate "2021.10.06"]
[SourceVersion "1"]
[SourceVersionDate "2021.10.06"]
[SourceQuality "1"]

1. e4 c5 2. Nf3 d6 3. d4 cxd4 4. Nxd4 Nf6 5. Nc3 a6 6. g3 e6 7. Bg2 Be7 8. O-O e5 9. Nde2 b5 10. Nd5 Nxd5 11. Qxd5 Ra7 12. Be3 Be6 13. Qd2 Rd7 14. Rfd1 O-O 15. a4 b4 16. Qxb4 d5 17. Bc5 Nc6 18. Bxe7 Nxb4 19. Bxd8 Rfxd8 20. c3 Nc2 21. Rac1 d4 22. cxd4 Nxd4 23. Nxd4 Rxd4 24. Rxd4 Rxd4 25. b3 g6 26. Rb1 Rb4 27. a5 Bc4 28. f3 f5 29. exf5 gxf5 30. Bf1 Bxf1 31. Kxf1 Kf7 32. Ke2 h5 33. Kd3 Rd4+ 34. Kc3 h4 35. b4 hxg3 36. hxg3 Ke6 37. Rb2 Rd1 38. Rh2 Rf1 39. f4 exf4 40. gxf4 Rf3+ 41. Kc4 Rxf4+ 42. Kc5 Rf1 43. Rh6+ Ke5 44. Rxa6 Rc1+ 45. Kb5 Rc8 46. Rc6 Rxc6 47. Kxc6 f4 48. b5 f3 49. b6 f2 50. b7 f1=Q 51. b8=Q+ Ke4 52. Qb7 Qf6+ 53. Kb5+ Kd3 54. Qd5+ Ke3 55. a6 Qb2+ 56. Kc6 Qb8 57. Qc5+ Ke4 58. a7 Qe8+ 59. Kb6 Qd8+ 60. Kb7 Qd7+ 61. Qc7 Qb5+ 62. Ka8 Qe8+ 63. Qb8 Qe6 64. Qb4+ Ke5 65. Qc5+ Kf4 66. Kb7 Qb3+ 67. Qb6 Qd5+ 68. Kc7 Qf7+ 69. Kc8 Qf5+ 70. Kb7 Qd5+ 71. Qc6 Qb3+ 72. Qb6 Qd5+ 73. Ka6 Qa2+ 74. Qa5 Qe6+ 75. Kb5 Qe8+ 76. Ka6 Qc6+ 77. Qb6 1/2-1/2

[Event "Montcalm op 4 2016-17"]
[Site "Quebec CAN"]
[Date "2017.02.09"]
[Round "5"]
[White "Genest, Dominic"]
[Black "Sarra-Bournet, Marc"]
[Result "0-1"]
[WhiteElo "1684"]
[BlackElo "1860"]
[WhiteFideId "-1"]
[WhiteFideId "-1"]
[PlyCount "64"]
[GameId "2160767908474916"]
[EventDate "2017.01.12"]
[EventType "swiss"]
[EventRounds "5"]
[EventCountry "CAN"]
[SourceTitle "EXT 2022"]
[Source "ChessBase"]
[SourceDate "2021.10.06"]
[SourceVersion "1"]
[SourceVersionDate "2021.10.06"]
[SourceQuality "1"]

1. c4 e5 2. Nc3 Nf6 3. g3 d5 4. cxd5 Nxd5 5. Bg2 Nxc3 6. bxc3 Bc5 7. e3 O-O 8. d4 Bb6 9. Nf3 exd4 10. cxd4 c5 11. Ba3 Re8 12. Bxc5 Bxc5 13. dxc5 Qa5+ 14. Nd2 Rd8 15. Qc2 Nc6 16. Bxc6 bxc6 17. Rd1 Ba6 18. f3 Bd3 19. Qb2 Qxc5 20. Kf2 Rab8 21. Nb3 Qe7 22. Qc3 Bb5 23. Rxd8+ Rxd8 24. Nc5 Rd5 25. Rc1 Qd8 26. a4 Rd2+ 27. Kg1 Be2 28. Kg2 Bd1+ 29. Kg1 Bxf3 30. Rc2 Rg2+ 31. Kf1 Qd1+ 32. Qe1 Rg1+ 0-1

[Event "Montcalm op 4 2016-17"]
[Site "Quebec CAN"]
[Date "2017.02.09"]
[Round "5"]
[White "Pare, Marc"]
[Black "Lamontagne, Danny"]
[Result "1-0"]
[WhiteElo "2055"]
[BlackElo "1917"]
[WhiteFideId "-1"]
[WhiteFideId "-1"]
[PlyCount "70"]
[GameId "2160767908474918"]
[EventDate "2017.01.12"]
[EventType "swiss"]
[EventRounds "5"]
[EventCountry "CAN"]
[SourceTitle "EXT 2022"]
[Source "ChessBase"]
[SourceDate "2021.10.06"]
[SourceVersion "1"]
[SourceVersionDate "2021.10.06"]
[SourceQuality "1"]

1. e4 c5 2. c3 g6 3. d4 cxd4 4. cxd4 d5 5. e5 Nc6 6. Nc3 Nh6 7. h3 Bg7 8. g4 O-O 9. Bg2 e6 10. Be3 f6 11. exf6 Qxf6 12. g5 Qf5 13. gxh6 Bxh6 14. Nf3 Bxe3 15. fxe3 e5 16. O-O e4 17. Ne5 Qg5 18. Rxf8+ Kxf8 19. Qf1+ Bf5 20. Nxd5 Kg7 21. Nxc6 bxc6 22. Nf4 Rf8 23. Qe1 Qh6 24. Qg3 Rf6 25. h4 Kg8 26. Rd1 Qf8 27. a3 Qc8 28. d5 cxd5 29. Nxd5 Rf7 30. Nc3 Qe6 31. Qb8+ Rf8 32. Rd8 Rxd8 33. Qxd8+ Kg7 34. Qc7+ Kh6 35. Qf4+ Kg7 1-0

[Event "Montcalm op 5 2016-17"]
[Site "Quebec CAN"]
[Date "2017.02.16"]
[Round "1"]
[White "Cournoyer, Dominic"]
[Black "Genest, Dominic"]
[Result "1-0"]
[WhiteElo "1983"]
[BlackElo "1688"]
[WhiteFideId "-1"]
[WhiteFideId "-1"]
[PlyCount "41"]
[GameId "2160767908478465"]
[EventDate "2017.02.16"]
[EventType "swiss"]
[EventRounds "5"]
[EventCountry "CAN"]
[SourceTitle "EXT 2022"]
[Source "ChessBase"]
[SourceDate "2021.10.06"]
[SourceVersion "1"]
[SourceVersionDate "2021.10.06"]
[SourceQuality "1"]

1. c4 Nf6 2. Nc3 c6 3. Nf3 d5 4. cxd5 cxd5 5. d4 Nc6 6. Bf4 Bg4 7. e3 e6 8. Be2 Bd6 9. Bxd6 Qxd6 10. h3 Bh5 11. O-O Rc8 12. Nb5 Qe7 13. Ne5 Bxe2 14. Qxe2 a6 15. Nxc6 Rxc6 16. Nc3 O-O 17. Rac1 Rfc8 18. Qd2 Qc7 19. Ne2 Rc2 20. Rxc2 Qxc2 21. Rc1 1-0

[Event "Montcalm op 5 2016-17"]
[Site "Quebec CAN"]
[Date "2017.02.16"]
[Round "1"]
[White "Lacerte, Kevin"]
[Black "Dube, Dominic"]
[Result "1/2-1/2"]
[WhiteElo "1550"]
[BlackElo "1904"]
[WhiteFideId "-1"]
[WhiteFideId "-1"]
[PlyCount "123"]
[GameId "2160767908478466"]
[EventDate "2017.02.16"]
[EventType "swiss"]
[EventRounds "5"]
[EventCountry "CAN"]
[SourceTitle "EXT 2022"]
[Source "ChessBase"]
[SourceDate "2021.10.06"]
[SourceVersion "1"]
[SourceVersionDate "2021.10.06"]
[SourceQuality "1"]

1. e4 c6 2. Bc4 d5 3. Bb3 e5 4. Nf3 f6 5. Nxe5 g6 6. Nd3 dxe4 7. Nf4 Bd6 8. d4 Qe7 9. O-O f5 10. Re1 Nf6 11. Nc3 Bxf4 12. Bxf4 Be6 13. d5 cxd5 14. Nxd5 Nxd5 15. Bxd5 O-O 16. c4 Re8 17. f3 Bxd5 18. cxd5 Qc5+ 19. Kh1 Nd7 20. Rc1 Qb5 21. Qd4 Qb6 22. Qxb6 Nxb6 23. d6 Rad8 24. fxe4 fxe4 25. Bg3 Nd5 26. Rc5 Nf6 27. Rc7 Nh5 28. d7 Nxg3+ 29. hxg3 Re7 30. Rxb7 Rdxd7 31. Rxd7 Rxd7 32. Rxe4 Kf7 33. b4 Kf6 34. g4 Rd3 35. a4 h6 36. Kg1 Kg5 37. Kf2 Rd2+ 38. Kg3 Rd3+ 39. Kh2 Rd2 40. Kg3 Rd3+ 41. Kf2 Rd2+ 42. Kf3 Rd3+ 43. Re3 Rd4 44. Re5+ Kf6 45. Rb5 Rd3+ 46. Ke4 Rg3 47. Kf4 Rxg2 48. Ra5 g5+ 49. Kf3 Rb2 50. Ra6+ Ke5 51. Rxh6 Rxb4 52. Ra6 Rb3+ 53. Kg2 Kf4 54. Rxa7 Kxg4 55. a5 Rb2+ 56. Kf1 Ra2 57. a6 Kg3 58. Ra8 g4 59. a7 Ra1+ 60. Ke2 Kg2 61. Rg8 Rxa7 62. Rxg4+ 1/2-1/2

[Event "Montcalm op 5 2016-17"]
[Site "Quebec CAN"]
[Date "2017.02.16"]
[Round "1"]
[White "Lapierre, Gaetan"]
[Black "Stoyanova, Stela"]
[Result "1-0"]
[WhiteElo "1957"]
[BlackElo "1558"]
[WhiteFideId "-1"]
[WhiteFideId "-1"]
[PlyCount "67"]
[GameId "2160767908478467"]
[EventDate "2017.02.16"]
[EventType "swiss"]
[EventRounds "5"]
[EventCountry "CAN"]
[SourceTitle "EXT 2022"]
[Source "ChessBase"]
[SourceDate "2021.10.06"]
[SourceVersion "1"]
[SourceVersionDate "2021.10.06"]
[SourceQuality "1"]

1. e4 e6 2. d4 d5 3. e5 c5 4. c3 Nc6 5. Nf3 f6 6. exf6 Nxf6 7. Be2 Be7 8. O-O O-O 9. a3 c4 10. b3 Na5 11. bxc4 dxc4 12. Nbd2 b5 13. a4 Nd5 14. Ne4 Nb3 15. Rb1 Nxc1 16. Qxc1 Nf4 17. Qe3 Nd5 18. Qd2 Rf4 19. Ng3 Bg5 20. Nxg5 Qxg5 21. axb5 g6 22. Bxc4 Qf6 23. Ne2 Rf5 24. Ng3 Rf4 25. Bd3 Qf8 26. Be4 Rb8 27. f3 Bd7 28. c4 Nb6 29. Rfc1 e5 30. c5 Nc8 31. Ne2 Rh4 32. c6 Bf5 33. Bxf5 gxf5 34. Qg5+ 1-0

[Event "Montcalm op 5 2016-17"]
[Site "Quebec CAN"]
[Date "2017.02.16"]
[Round "1"]
[White "Lessard, Claude"]
[Black "Dumont, Eric"]
[Result "1-0"]
[WhiteElo "2163"]
[BlackElo "1691"]
[WhiteFideId "-1"]
[WhiteFideId "-1"]
[PlyCount "131"]
[GameId "2160767908478468"]
[EventDate "2017.02.16"]
[EventType "swiss"]
[EventRounds "5"]
[EventCountry "CAN"]
[SourceTitle "EXT 2022"]
[Source "ChessBase"]
[SourceDate "2021.10.06"]
[SourceVersion "1"]
[SourceVersionDate "2021.10.06"]
[SourceQuality "1"]

1. Nf3 d5 2. c4 c6 3. d4 Nf6 4. Nc3 g6 5. g3 Bg7 6. Bg2 dxc4 7. a4 Nbd7 8. a5 Nd5 9. Qa4 Nxc3 10. bxc3 Nf6 11. Ne5 O-O 12. O-O Nd5 13. Qxc4 Be6 14. Qd3 Rc8 15. e4 Nc7 16. f4 Nb5 17. Nf3 Nd6 18. Nd2 c5 19. d5 Bd7 20. e5 Bf5 21. Qe2 Ne8 22. c4 Qd7 23. Bb2 Nc7 24. Ne4 Na6 25. Bc3 Nb4 26. Nxc5 Rxc5 27. Bxb4 Bg4 28. Qa2 Rcc8 29. c5 Qb5 30. Qa3 Rfd8 31. Rf2 Qc4 32. Rd2 a6 33. Rc1 Qb5 34. h3 Be2 35. Re1 Bc4 36. d6 exd6 37. cxd6 Be6 38. Bf1 Qd7 39. g4 Rc4 40. Bxc4 Bxc4 41. Rc1 Qe6 42. Qe3 h5 43. gxh5 g5 44. f5 Qc8 45. Qxg5 Kh8 46. Rxc4 Qxc4 47. Qxd8+ Kh7 48. Qg5 Bxe5 49. d7 Bf4 50. Qxf4 Qxf4 51. d8=Q Qe3+ 52. Kf1 Qf3+ 53. Rf2 Qh1+ 54. Ke2 Qe4+ 55. Kd2 Qxb4+ 56. Ke3 Qe1+ 57. Kf3 Qh1+ 58. Kf4 Qc1+ 59. Qd2 Qc4+ 60. Kg3 Qc7+ 61. Qf4 Qc3+ 62. Kh2 Qxa5 63. f6 Qb6 64. Rg2 Qc6 65. Rg7+ Kh8 66. Qh6# 1-0

[Event "Montcalm op 5 2016-17"]
[Site "Quebec CAN"]
[Date "2017.02.16"]
[Round "1"]
[White "Levesque-Duchesne, Merlin"]
[Black "Auger, Bertrand"]
[Result "1-0"]
[WhiteElo "1564"]
[BlackElo "1982"]
[WhiteFideId "-1"]
[WhiteFideId "-1"]
[PlyCount "91"]
[GameId "2160767908478469"]
[EventDate "2017.02.16"]
[EventType "swiss"]
[EventRounds "5"]
[EventCountry "CAN"]
[SourceTitle "EXT 2022"]
[Source "ChessBase"]
[SourceDate "2021.10.06"]
[SourceVersion "1"]
[SourceVersionDate "2021.10.06"]
[SourceQuality "1"]

1. d4 Nf6 2. Bf4 b6 3. Nf3 e6 4. e3 Be7 5. Bd3 Bb7 6. Nbd2 O-O 7. c3 d6 8. Qc2 Nbd7 9. Rg1 c5 10. g4 g6 11. h4 cxd4 12. exd4 e5 13. dxe5 dxe5 14. Bh6 Nc5 15. Bc4 e4 16. Ne5 Qc7 17. f4 e3 18. Nb3 b5 19. Bxf8 bxc4 20. Nxc5 Bxc5 21. Bxc5 Qxc5 22. O-O-O Be4 23. Qe2 Rb8 24. Rd4 Qb6 25. Nxc4 Qa6 26. Qxe3 Qxa2 27. Rxe4 Qa1+ 28. Kc2 Qa4+ 29. Kb1 Nxe4 30. Qxe4 Re8 31. Qd3 Rc8 32. Ne5 Qxf4 33. Qd4 Qf6 34. Nd7 Qxd4 35. cxd4 Rd8 36. Ne5 Rxd4 37. Rf1 h5 38. gxh5 Rxh4 39. hxg6 fxg6 40. Nxg6 Rh2 41. Ne7+ Kg7 42. Nc6 a6 43. Ka2 Rg2 44. Ka3 Rg6 45. Nb4 Rg5 46. Rc1 1-0

[Event "Montcalm op 5 2016-17"]
[Site "Quebec CAN"]
[Date "2017.02.16"]
[Round "1"]
[White "Ripoll, Arthur"]
[Black "Beaudoin, Stephane"]
[Result "0-1"]
[WhiteElo "1691"]
[BlackElo "2086"]
[WhiteFideId "-1"]
[WhiteFideId "-1"]
[PlyCount "130"]
[GameId "2160767908478470"]
[EventDate "2017.02.16"]
[EventType "swiss"]
[EventRounds "5"]
[EventCountry "CAN"]
[SourceTitle "EXT 2022"]
[Source "ChessBase"]
[SourceDate "2021.10.06"]
[SourceVersion "1"]
[SourceVersionDate "2021.10.06"]
[SourceQuality "1"]

1. e4 g6 2. Nf3 Bg7 3. d4 d6 4. Be3 a6 5. c3 b5 6. Nbd2 Nf6 7. h3 O-O 8. Bd3 Bb7 9. O-O c5 10. Bc2 Qc7 11. Rc1 Nbd7 12. Re1 e5 13. d5 Nh5 14. g4 Nf4 15. Kh2 Rae8 16. c4 b4 17. a3 a5 18. axb4 axb4 19. Nb3 Ra8 20. Qd2 Nb6 21. Bb1 Nd7 22. Bxf4 exf4 23. Re2 Ba6 24. Qxf4 Ne5 25. Nbd2 Bc8 26. Qe3 Bxg4 27. Kg2 Bxh3+ 28. Kxh3 Qd7+ 29. Kg2 Qg4+ 30. Kh1 Qh5+ 31. Kg2 Bh6 32. Qb3 Qg4+ 33. Kh1 Nxf3 34. Qxf3 Qxf3+ 35. Nxf3 Bxc1 36. e5 dxe5 37. Nxe5 Ra1 38. Bd3 Re8 39. Kg2 Bxb2 40. Nd7 Rxe2 41. Bxe2 Ra7 42. Nxc5 Bf6 43. Nb3 Ra3 44. Bd1 Be7 45. c5 Rxb3 46. Bxb3 Bxc5 47. f4 Bd6 48. Kf3 f5 49. Ke3 Kg7 50. Kf3 Kf6 51. Ke3 h6 52. Bc2 Ke7 53. Bb3 Bc5+ 54. Kf3 Kd6 55. Kg3 Be3 56. Kf3 Bd2 57. Bc4 Kc5 58. Bb3 Bc3 59. Ke3 Bf6 60. Kd3 Be7 61. Ke3 Bd6 62. Ba2 h5 63. Bb3 h4 64. Ba2 h3 65. Bb3 h2 0-1

[Event "Montcalm op 5 2016-17"]
[Site "Quebec CAN"]
[Date "2017.02.23"]
[Round "2"]
[White "Beaudoin, Stephane"]
[Black "Fecteau, Martin"]
[Result "0-1"]
[WhiteElo "2086"]
[BlackElo "1903"]
[WhiteFideId "-1"]
[WhiteFideId "-1"]
[PlyCount "106"]
[GameId "2160767908478471"]
[EventDate "2017.02.16"]
[EventType "swiss"]
[EventRounds "5"]
[EventCountry "CAN"]
[SourceTitle "EXT 2022"]
[Source "ChessBase"]
[SourceDate "2021.10.06"]
[SourceVersion "1"]
[SourceVersionDate "2021.10.06"]
[SourceQuality "1"]

1. e4 c6 2. d4 d5 3. e5 Bf5 4. Ne2 e6 5. Ng3 Bg6 6. h4 h6 7. h5 Bh7 8. Bd3 Bxd3 9. Qxd3 Nd7 10. O-O c5 11. c3 Ne7 12. Be3 Nc6 13. a3 Be7 14. f4 Qc7 15. f5 O-O-O 16. fxe6 fxe6 17. Nd2 Bh4 18. Ne2 c4 19. Qg6 Nf8 20. Qg4 Qe7 21. Rf3 Re8 22. Raf1 Nd8 23. Nf4 Kb8 24. b3 cxb3 25. Nxb3 Bg5 26. Nc5 Bxf4 27. Rxf4 Nd7 28. Qe2 Nxc5 29. dxc5 Rhf8 30. c4 Rxf4 31. Rxf4 dxc4 32. Qxc4 Nc6 33. Rf1 Ka8 34. Qf4 a6 35. Rd1 Rf8 36. Qe4 Rf5 37. Bf4 Qh4 38. g3 Qxh5 39. Rd7 Rf7 40. Rd6 Ka7 41. Rxe6 Qd1+ 42. Kg2 g5 43. Rd6 Qa1 44. e6 Re7 45. Be3 Qxa3 46. Kh3 Qa1 47. Rd7 Ka8 48. Rxe7 Nxe7 49. Qf3 Qh8 50. Qf7 Qd8 51. c6 Nxc6 52. Bc5 g4+ 53. Kxg4 Ne5+ 0-1

[Event "Montcalm op 5 2016-17"]
[Site "Quebec CAN"]
[Date "2017.02.23"]
[Round "2"]
[White "Dube, Daniel"]
[Black "Cournoyer, Dominic"]
[Result "1/2-1/2"]
[WhiteElo "1851"]
[BlackElo "1983"]
[WhiteFideId "-1"]
[WhiteFideId "-1"]
[PlyCount "80"]
[GameId "2160767908478472"]
[EventDate "2017.02.16"]
[EventType "swiss"]
[EventRounds "5"]
[EventCountry "CAN"]
[SourceTitle "EXT 2022"]
[Source "ChessBase"]
[SourceDate "2021.10.06"]
[SourceVersion "1"]
[SourceVersionDate "2021.10.06"]
[SourceQuality "1"]

1. e4 d5 2. exd5 Nf6 3. Nf3 Nxd5 4. d4 g6 5. c4 Nf6 6. Be2 Bg7 7. O-O O-O 8. Nc3 c6 9. h3 Qc7 10. Bg5 b6 11. Qd2 Bb7 12. Bf4 Qd8 13. Rfd1 Nbd7 14. Qe3 Re8 15. Ne5 Qc8 16. c5 b5 17. b4 e6 18. g4 Nd5 19. Qg3 Nxc3 20. Qxc3 Nf6 21. Bf3 Rd8 22. Bg5 Nd5 23. Bxd5 Rxd5 24. Qf3 f5 25. a4 a6 26. a5 Qe8 27. Bf4 Rad8 28. Bg5 Ra8 29. Qe3 Bxe5 30. dxe5 Qd7 31. Qf3 Rf8 32. Bf6 Bc8 33. g5 Qc7 34. h4 Bd7 35. h5 Be8 36. hxg6 Bxg6 37. Kg2 Rf7 38. Rh1 Rfd7 39. Rad1 Qc8 40. Rxd5 Rxd5 1/2-1/2